000 00996nac a22003497a 4500
001 BR0500526
003 BR-BrBNA
005 20240105123106.0
008 230509b bl.|||m| |||| 00| 0 por d
040 _aBR-BrBNA
_bpor
_cBiblioteca Nacional de Agricultura
072 _aE70
090 _a1000 BR0500526
100 1 _aCoelho, Y. da S.
100 1 _aPassos Filho, O.S.
100 1 _aFarias, J.
100 1 _aMascarenhas, J.M.
110 1 _aEMBRAPA Mandioca e Fruticultura, Cruz das Almas, BA (Brasil)
245 1 _aComercialização dos citros no Estado da Bahia
260 3 _aCruz das Almas, BA (Brasil):
_c2003.
300 _a2 p.
490 _aCitros em Foco (Brazil)
_vno. 22
_x
650 _aFRUTA CÍTRICA
650 _aLARANJA PÊRA
650 _aLIMÃO TAITI
650 _aLIMA
650 _aTANGERINA
650 _aCOMERCIALIZAÇÃO
650 _aABASTECIMENTO
650 _aBAHIA
909 _a202312
_bLúcia Elande
_c55
_dLúcia Elande
942 _2AGRIS
_n0
_cMS
999 _c293952
_d293952